00432nam a2200169Ia 4500003000900000008004100009020001800050040001600068080001300084100001600097245003700113260003900150300001500189650001500204650002200219650002100241IN-BaIIA211028s9999 xx 000 0 eng d a0-486-60532-9 cIIA Library a535bDRU aDrude, Paul 4aThe theory of opticscPaul Drude aNew YorkbDover Publicationsc1959 axxi, 546p. a Optics  a Physical optics aNASA thesaurus